000 00310nam a2200121Ia 4500
008 220120s9999||||xx |||||||||||||| ||und||
082 _a823 DEF
100 _aDefelice, Cynthia
_911891
245 4 _aThe missing manatee
260 _aScholastic INC
_bNew Delhi
_c2007
300 _b0
650 _aMaterial Science
999 _c137430
_d137430